Paese con cui è condiviso il confine più lungo - Europa - Statistics

Statistiche generali
  • Questo quiz è stato fatto 72 volte
  • Il punteggio medio è 37 su 43
Statistiche sulle risposte
Paese Risposta % Corretto
Andorra Spagna
98%
Belgio Francia
93%
Albania Grecia
93%
Vaticano Italia
93%
Bielorussia Russia
93%
Croazia Bosnia
92%
Bosnia Croazia
92%
Austria Germania
92%
Danimarca Germania
92%
Estonia Lettonia
92%
Lettonia Lituania
92%
Irlanda Regno Unito
92%
Finlandia Russia
92%
Italia Svizzera
92%
Lussemburgo Germania
90%
San Marino Italia
90%
Lituania Lettonia
90%
Kosovo Serbia
90%
Liechtenstein Svizzera
90%
Monaco Francia
89%
Paesi Bassi Germania
89%
Georgia Russia
89%
Kazakistan Russia
89%
Portogallo Spagna
89%
Norvegia Svezia
89%
Grecia Bulgaria
87%
Regno Unito Irlanda
87%
Moldavia Ucraina
87%
Slovenia Croazia
85%
Rep. Ceca Germania
85%
Macedonia Grecia
85%
Svizzera Italia
85%
Svezia Norvegia
85%
Romania Bulgaria
84%
Spagna Portogallo
84%
Ucraina Russia
84%
Montenegro Bosnia
82%
Azerbaigian Armenia
80%
Armenia Azerbaigian
75%
Serbia Romania
74%
Ungheria Slovacchia
74%
Turchia Siria
66%
Francia Brasile
59%
Nessun quiz corrispondente trovato
Distribuzione punteggi
Percentuale di utenti per punteggio
Percentile per numero di risposta
I tuoi punteggi nel tempo
Non hai fatto questo quiz